Statistics for Web Browser by Picture

Click here to take the quiz!

General Stats

  • This quiz has been taken 75 times
  • The average score is 7 of 12

Answer Stats

Answer% Correct
Google Chrome
100%
Mozilla Firefox
98%
Apple Safari
97%
Internet Explorer
97%
Microsoft Edge
78%
Opera
76%
Netscape
56%
Vivaldi
37%
SeaMonkey
22%
Maxthon
20%
Camino
12%
Konqueror
12%

Score Distribution

Percentile by Number Answered

Percent of People with Each Score

Your Score History

You have not taken this quiz